Analýza zahraničného obchodu ovčích komodít po vstupe do EÚ

Výpočet ukazovateľov konkurencieschopnosti ovčích komodít pomocou ukazovateľa odhalených komparetívnych výhod RCA. Vývojové tendencie agropotravín zahraničného obchodu v rokoch 2003-2005. Vývojové tendencie v odvetví chovu oviec v Slovenskej republike po vstupe do EÚ.

Enregistré dans:
Détails bibliographiques
Auteur principal: Hudáková, Ivana, 1976-
Format: Chapitre de livre
Langue:slovaque
Sujets:
Tags: Ajouter un tag
Pas de tags, Soyez le premier à ajouter un tag!

MARC

LEADER 00000nla$a2200000$$$4500
001 0065124
005 20240502071752.7
041 0 |a slo 
044 |a SK 
245 1 0 |a Analýza zahraničného obchodu ovčích komodít po vstupe do EÚ  |c Ivana Hudáková 
520 |a Výpočet ukazovateľov konkurencieschopnosti ovčích komodít pomocou ukazovateľa odhalených komparetívnych výhod RCA. Vývojové tendencie agropotravín zahraničného obchodu v rokoch 2003-2005. Vývojové tendencie v odvetví chovu oviec v Slovenskej republike po vstupe do EÚ. 
610 2 0 |a obchod zahraničný 
610 2 0 |a komodity 
610 2 0 |a ovčiarstvo 
610 2 0 |a Európska únia 
610 2 0 |a chov zvierat 
610 2 0 |a konkurencieschopnosť 
610 2 0 |a výhody komparatívne 
610 2 0 |a Slovensko 
100 1 |a Hudáková, Ivana, 1976-